The Pan-African Parliament Contribution to the Grand Debate on the African Union Government (Record no. 679)
[ view plain ]
| 000 -LEADER | |
|---|---|
| fixed length control field | 00365nam a22001097a 4500 |
| 008 - FIXED-LENGTH DATA ELEMENTS--GENERAL INFORMATION | |
| fixed length control field | 230606b xxu||||| |||| 00| 0 eng d |
| 082 ## - DEWEY DECIMAL CLASSIFICATION NUMBER | |
| Classification number | 341.24921 |
| 245 ## - TITLE STATEMENT | |
| Title | The Pan-African Parliament Contribution to the Grand Debate on the African Union Government |
| Remainder of title | Ninth Ordinary Session |
| 260 ## - PUBLICATION, DISTRIBUTION, ETC. (IMPRINT) | |
| Place of publication, distribution, etc. | Accra,Ghana |
| Name of publisher, distributor, etc. | Pan-African Parliament |
| Date of publication, distribution, etc. | 2007 |
| 300 ## - PHYSICAL DESCRIPTION | |
| Extent | 17p |
| 942 ## - ADDED ENTRY ELEMENTS (KOHA) | |
| Source of classification or shelving scheme | Dewey Decimal Classification |
| Koha item type | Books |
| Withdrawn status | Lost status | Source of classification or shelving scheme | Damaged status | Not for loan | Home library | Current library | Date acquired | Total Checkouts | Full call number | Barcode | Date last seen | Price effective from | Koha item type |
|---|---|---|---|---|---|---|---|---|---|---|---|---|---|
| Dewey Decimal Classification | Bunge Tower Library | Bunge Tower Library | 06/06/2023 | 341.24921 | 10015370 | 06/06/2023 | 06/06/2023 | Books |
